| 000 | 00799 a2200217 4500 | ||
|---|---|---|---|
| 020 | _a0-201-70847-7 ; | ||
| 040 | _aDLC | ||
| 082 | _a658.05421 | ||
| 082 | _a658.05421 | ||
| 100 | 1 | _aBuffam, William J. | |
| 245 | 0 | 0 |
_aE-business and IS solutions : an architectural approach to business problems and opportunities _ban architectural approach to business problems and opportunities _cWilliam J. Buffam |
| 260 |
_aBoston, Mass. : _bAddison-Wesley, _c2000 |
||
| 300 |
_a256 s. : _bill. ; _c24 cm. |
||
| 650 | 7 |
_aElectronic commerce _xManagement |
|
| 650 | 7 |
_aIndustrial management _xData processing |
|
| 650 | 7 | _aManagement information systems | |
| 650 | 7 | _aInformation systems | |
| 650 | 7 | _aInformation systems | |
| 650 | 7 |
_aElectronic commerce _xinformation systems |
|
| 942 |
_cBK _k658.84 BUF _2ddc |
||
| 999 |
_c8690 _d8690 |
||